00401nam a2200157Ia 4500008004100000020001500041082001700056100002300073245002400096250000800120260003600128300003000164500000700194600002700201650001500228240925s9999 xx 000 0 und d a8177583549 a621.3815 FLO aBoydell, Toby B.J. 0aElectronic Devices  a6th aNew York:bMc Graw HIllc,2002. axxvii,530p.bNAfOriginal aNA aElectrical Engineering aTechnology